| 000 | 01016nam2a22002891 4500 | ||
|---|---|---|---|
| 001 | v19\rc\1427782 | ||
| 005 | 20250618130811.0 | ||
| 035 | _a(NLR Aleph) 004575309 | ||
| 090 |
_a2456829 _c2456829 |
||
| 100 | _a20060620d1859 |||y0rusy50 ca | ||
| 101 | 0 | _arus | |
| 102 | _aRU | ||
| 105 | _ay z |||a| | ||
| 200 | 1 | _aСтихи европейской цивилизации] | |
| 210 |
_d1859 _aБ. м. |
||
| 461 | 0 |
_1001v19\rc\1427776 _12001#$aСовременные идеи православны ли?$eСт. 1-$vСт. 6 _92456754 _cСанкт-Петербург _d1858-1859 _nтип. Штрауфа _oСт. 1- _tСовременные идеи православны ли? _vСт. 6 |
|
| 700 | 1 |
_aБурачек _bС.О. |
|
| 801 | 0 |
_aRU _bNLR _gpsbo |
|
| 801 | 0 |
_aRU _bRuMoRGB _2psbo |
|
| 801 | 1 |
_aRU _bProSoft-M _2rusmarc |
|
| 852 |
_aNLR _j18.112.2.147 |
||
| 899 |
_aRuMoRGB _jP 110/773 |
||
| 899 |
_aRuMoRGB _jV 157/249 |
||
| 899 |
_aRuMoRGB _jU 420/31S |
||
| 899 |
_aRuMoRGB _jU 420/145 |
||
| 942 | _cBOOK | ||
| 980 | _aNB | ||